| 000 | 01017nam a2200217Ia 4500 | ||
|---|---|---|---|
| 003 | GCL | ||
| 008 | 140319s9999 xx 000 0 ara d | ||
| 040 |
_aGCL / _cGCL |
||
| 082 | 0 | 4 |
_a250 _bك س |
| 100 | 1 | _aابن حجر العسقلانى : بدر الدين ابو المعالى محمد بن احمد بن على | |
| 245 | 1 | 0 |
_aسبل السلام : _bشرح بلوغ المرام من جمع ادلة الاحكام للحافظ ابن حجر العسقلانى / _cابن حجر العسقلانى : بدر الدين ابو المعالى محمد بن احمد بن على |
| 700 | 1 | _aمحمد خليل هراس | |
| 700 | 1 | _aالكحلانى : محمد بن اسماعيل الامير بن صالح | |
| 260 |
_aالقاهرة : _bمكتبة الجمهورية العربية |
||
| 300 |
_a4مج فى 2جزء ؛ _c24 سم |
||
| 490 | _a | ||
| 650 | 0 | 4 | _aالاحكام الشرعية |
| 650 | 0 | 4 | _aالشريعة الاسلامية |
| 650 | 0 | 4 | _aالاحاديث النبوية |
| 942 |
_2ddc _cBK |
||
| 999 |
_c46324 _d46324 |
||